000 00833nas a2200265 4500
001 BR0002549
003 BR-BrBNA
005 20231205101849.0
007 ta
008 230509b bl.|||p| |||| 00| 00por d
040 _aBR-BrBNA
_bpor
_cBiblioteca Nacional de Agricultura
041 _a(Pt)
072 _aL51
100 1 _aDeschamps, F.C.
100 1 _aTcacenco, F.A.
245 1 _aParametros nutricionais de forrageiras nativas e exoticas no Vale do Itajai, Santa Catarina
650 _aPlanta Forrageira
650 _aControle de Qualidade
650 _aProteina Bruta
650 _aValor Nutritivo
650 _aDigestibilidade
773 0 _tPesquisa Agropecuaria Brasileira (Brazil)
_xISSN 0100-204X
_g(Feb 2000), v. 35(2) p. 457-465
_wBR0002549
909 _a202311
_bLúcia
_c55
_dLúcia Elande
942 _2AGRIS
_n0
_cANA
999 _c164390
_d164390